[Event "Regionalliga Sued-Ost 1718"]
[Site "Bayern"]
[Date "2018.02.25"]
[Round "7.7"]
[White "Saveljev, Juri"]
[Black "Hock, Martin"]
[Result "0-1"]
[WhiteElo "1714"]
[BlackElo "1902"]
[PlyCount "112"]
[EventDate "2017.10.22"]
[EventType "team-tourn"]
[EventRounds "9"]
[EventCountry "GER"]
[SourceTitle "EXT 2022"]
[Source "ChessBase"]
[SourceDate "2021.10.06"]
[SourceVersion "1"]
[SourceVersionDate "2021.10.06"]
[SourceQuality "1"]
[WhiteTeam "Tegernsee TV"]
[BlackTeam "Graefelfing SK"]
[WhiteTeamCountry "GER"]
[BlackTeamCountry "GER"]

1. e4 e6 2. d4 b6 3. c4 Bb7 4. d5 Bb4+ 5. Bd2 Bxd2+ 6. Qxd2 d6 7. Nc3 Nd7 8. Nf3 Ngf6 9. Bd3 0-0 10. 0-0 a5 11. c5 Nxc5 12. Bc2 e5 13. a3 a4 14. Rfe1 Bc8 15. Qg5 Bd7 16. h3 h6 17. Qh4 Nh7 18. Qxd8 Raxd8 19. g4 g6 20. Nh4 Kg7 21. Re3 Nf6 22. Kg2 Ra8 23. Rd1 Rh8 24. Kg3 h5 25. f3 g5 26. Nf5+ Bxf5 27. exf5 h4+ 28. Kf2 Rhb8 29. Ne4 Nfxe4+ 30. fxe4 b5 31. Rb1 b4 32. Ree1 b3 33. Bd1 Nd3+ 34. Ke2 Nxe1 35. Kxe1 Rb5 36. Rc1 Rc5 37. Rxc5 dxc5 38. Be2 Ra5 39. Bc4 Kf6 40. Kd2 Ke7 41. Kc3 Kd6 42. Kd3 f6 43. Kc3 Kd7 44. Kd3 Kc8 45. Kc3 Kb7 46. Kd3 Kb6 47. Kc3 Ra8 48. Be2 Rd8 49. Bc4 c6 50. Kd3 cxd5 51. exd5 e4+ 52. Ke3 Re8 53. Bf1 Re5 54. Bc4 Kc7 55. Bb5 Rxd5 56. Bxa4 Rd3+ 0-1

[Event "Regionalliga SO 1516"]
[Site "Bayern"]
[Date "2015.10.25"]
[Round "2.7"]
[White "Hock, Martin"]
[Black "Zeindlmeier, Thomas"]
[Result "1/2-1/2"]
[WhiteElo "1877"]
[BlackElo "1968"]
[PlyCount "99"]
[EventDate "2015.10.11"]
[EventType "team-tourn"]
[EventRounds "9"]
[EventCountry "GER"]
[SourceTitle "EXT 2018"]
[Source "ChessBase"]
[SourceDate "2017.10.13"]
[SourceVersion "1"]
[SourceVersionDate "2017.10.13"]
[SourceQuality "1"]
[WhiteTeam "Graefelfing"]
[BlackTeam "Ingolstadt"]
[WhiteTeamCountry "GER"]
[BlackTeamCountry "GER"]

1. Nf3 d5 2. b3 Nf6 3. Bb2 c5 4. e3 a6 5. Be2 Nc6 6. 0-0 Bf5 7. d3 e6 8. Nh4 Bg6 9. Nd2 Bd6 10. Nxg6 hxg6 11. h3 Qc7 12. d4 cxd4 13. exd4 Nh5 14. c4 Nf4 15. cxd5 exd5 16. Nf3 Qd7 17. Re1 Nxg2 18. Bf1+ Nxe1 19. Qxe1+ Kf8 20. Qd2 Qf5 21. Bg2 Bf4 22. Qc3 Re8 23. Rd1 g5 24. Ne5 Nxe5 25. dxe5 Qxe5 26. Qb4+ Qe7 27. Qxe7+ Kxe7 28. Bxg7 Rhg8 29. Bc3 Rg6 30. Bxd5 b5 31. Be4 Rh6 32. Bf5 Rd8 33. Re1+ Kf8 34. Bb4+ Bd6 35. Ba5 Re8 36. Rd1 Rf6 37. Bg4 Re4 38. Rd5 Re5 39. Rd2 Re1+ 40. Kg2 Rc1 41. Re2 Be7 42. Bd2 Rc5 43. Be3 Re5 44. Rc2 Rd5 45. Rc8+ Kg7 46. Bf3 Rd7 47. Bg4 Rd5 48. Bf3 Rd3 49. Be2 Rd5 50. Bf3 1/2-1/2

[Event "Regionalliga SO 1314"]
[Site "Bayern"]
[Date "2014.01.19"]
[Round "5.8"]
[White "Hock, Martin"]
[Black "Leckner, Thomas"]
[Result "1-0"]
[WhiteElo "1934"]
[BlackElo "1717"]
[PlyCount "67"]
[EventDate "2013.10.13"]
[EventType "team-tourn"]
[EventRounds "9"]
[EventCountry "GER"]
[SourceTitle "EXT 2015"]
[Source "ChessBase"]
[SourceDate "2014.11.20"]
[SourceVersion "1"]
[SourceVersionDate "2014.11.20"]
[SourceQuality "1"]
[WhiteTeam "Graefelfing"]
[BlackTeam "Tegernsee"]
[WhiteTeamCountry "GER"]
[BlackTeamCountry "GER"]

1. Nf3 Nf6 2. d4 d5 3. Bg5 e6 4. e3 Nbd7 5. Bd3 Be7 6. Nbd2 0-0 7. 0-0 a6 8. a4 b6 9. e4 dxe4 10. Nxe4 Bb7 11. Nxf6+ Bxf6 12. Be3 h6 13. c3 e5 14. Bc2 Re8 15. Re1 Bxf3 16. Qxf3 exd4 17. cxd4 Nf8 18. Red1 a5 19. Rac1 Qe7 20. h3 Bg5 21. Bxg5 Qxg5 22. Be4 Ra7 23. Bd5 Qe7 24. Kf1 Ne6 25. Re1 Qb4 26. Rc4 Qxb2 27. Bc6 Rd8 28. d5 Ng5 29. Qf4 Qb3 30. h4 Qd3+ 31. Kg1 Nf3+ 32. gxf3 Qg6+ 33. Kh2 Qd3 34. Rce4 1-0

[Event "Munich OIS op 33rd"]
[Site "Munich"]
[Date "2013.10.01"]
[Round "4"]
[White "Fedorovsky, Michael"]
[Black "Hock, Martin"]
[Result "1-0"]
[WhiteElo "2385"]
[BlackElo "2135"]
[PlyCount "87"]
[EventDate "2013.09.28"]
[EventType "swiss"]
[EventRounds "9"]
[EventCountry "GER"]
[SourceTitle "CBM 156 Extra"]
[Source "ChessBase"]
[SourceDate "2013.10.22"]
[SourceVersion "1"]
[SourceVersionDate "2013.10.22"]
[SourceQuality "1"]

1. d4 e6 2. c4 b6 3. e4 Bb7 4. Bd3 Bb4+ 5. Bd2 Bxd2+ 6. Qxd2 f5 7. Nc3 Nf6 8. Qe2 0-0 9. Nf3 fxe4 10. Nxe4 Nxe4 11. Bxe4 Bxe4 12. Qxe4 Nc6 13. 0-0 Qf6 14. d5 exd5 15. Qxd5+ Qf7 16. Rfd1 Rad8 17. Rac1 Kh8 18. a3 a5 19. Rc2 Nb8 20. Qxf7 Rxf7 21. c5 b5 22. c6 Re7 23. g3 Rc8 24. cxd7 Rxd7 25. Rxd7 Nxd7 26. Nd4 b4 27. axb4 axb4 28. Nc6 Nb6 29. Ne7 b3 30. Rc3 Re8 31. Nf5 Re5 32. Ne3 Rb5 33. Rxc7 h6 34. Rb7 Rb4 35. Kf1 g5 36. Nc4 Nd5 37. Rxb4 Nxb4 38. Ke2 Na6 39. Ke3 Kg7 40. Kd4 g4 41. Nd2 Nb4 42. Nxb3 Nc2+ 43. Kc3 Ne1 44. Nd4 1-0

[Event "Munich OIS op 33rd"]
[Site "Munich"]
[Date "2013.09.29"]
[Round "2"]
[White "Belezky, Alexander"]
[Black "Hock, Martin"]
[Result "1-0"]
[WhiteElo "2455"]
[BlackElo "2135"]
[PlyCount "87"]
[EventDate "2013.09.28"]
[EventType "swiss"]
[EventRounds "9"]
[EventCountry "GER"]
[SourceTitle "CBM 156 Extra"]
[Source "ChessBase"]
[SourceDate "2013.10.22"]
[SourceVersion "1"]
[SourceVersionDate "2013.10.22"]
[SourceQuality "1"]

1. Nf3 b6 2. g3 Bb7 3. Bg2 f5 4. 0-0 Nf6 5. c4 e6 6. b3 Be7 7. Bb2 0-0 8. d4 Qc8 9. e3 d6 10. Nc3 Ne4 11. Ne2 Nd7 12. Nf4 Ndf6 13. d5 e5 14. Ne6 Re8 15. Nd2 Nc5 16. Nxc5 bxc5 17. Bh3 g5 18. f4 exf4 19. exf4 g4 20. Bg2 Qd8 21. Qc2 Bc8 22. Rfe1 Bf8 23. Bf1 Bg7 24. Bd3 Qd7 25. Nf1 Rxe1 26. Rxe1 Nh5 27. Ne3 Bxb2 28. Bxf5 Qg7 29. Bxc8 Rxc8 30. Qf5 Re8 31. Qxh5 Re7 32. Nc2 Rxe1+ 33. Nxe1 Qd4+ 34. Kf1 Qd1 35. h3 Qb1 36. Qxg4+ Kf7 37. Qd7+ Kg6 38. Qxc7 Bc3 39. Qxd6+ Kg7 40. Qe7+ Kg8 41. d6 Bxe1 42. Qxe1 Qd3+ 43. Qe2 Qxd6 44. Qe8+ 1-0

[Event "Regionalliga SO 1112"]
[Site "Bayern"]
[Date "2012.02.05"]
[Round "6.8"]
[White "Winterholler, Christina"]
[Black "Hock, Martin"]
[Result "1-0"]
[WhiteElo "1743"]
[BlackElo "1975"]
[PlyCount "117"]
[EventDate "2011.10.02"]
[EventType "team-tourn"]
[EventRounds "9"]
[EventCountry "GER"]
[SourceTitle "EXT 2013"]
[Source "ChessBase"]
[SourceDate "2012.11.22"]
[SourceVersion "1"]
[SourceVersionDate "2012.11.22"]
[SourceQuality "1"]
[WhiteTeam "Ingolstadt II"]
[BlackTeam "Graefelfing"]
[WhiteTeamCountry "GER"]
[BlackTeamCountry "GER"]

1. e4 b6 2. d4 Bb7 3. Nc3 e6 4. f3 d5 5. Nge2 Nf6 6. e5 Nfd7 7. Be3 a6 8. Qd2 c5 9. f4 Nc6 10. g3 Rc8 11. Bg2 g6 12. h3 h5 13. 0-0-0 b5 14. g4 b4 15. Nb1 Na5 16. Bf2 cxd4 17. Nxd4 Nxe5 18. Qe2 Nec4 19. b3 Na3 20. Nxa3 bxa3 21. f5 gxf5 22. gxf5 Qg5+ 23. Be3 Qxe3+ 24. Qxe3 Bh6 25. Rhe1 Kd7 26. fxe6+ fxe6 27. Nxe6 Bxe3+ 28. Rxe3 Kd6 29. Nf4 Kc7 30. Bxd5 Nc6 31. Bxc6 Bxc6 32. Ne6+ Kb8 33. Nc5 Bb5 34. b4 a5 35. Nd7+ Bxd7 36. Rxd7 axb4 37. Rd4 Rcf8 38. Rxb4+ Kc7 39. Rxa3 Rf1+ 40. Kb2 Rf5 41. Rd3 Rc5 42. a4 Ra8 43. Rb5 Kc6 44. Rxc5+ Kxc5 45. Ka3 Rg8 46. Rb3 h4 47. a5 Rg3 48. Ka4 Rg2 49. a6 Rg6 50. Ka5 Rg1 51. Rb4 Ra1+ 52. Ra4 Rb1 53. Rxh4 Ra1+ 54. Ra4 Rb1 55. Ra2 Kc6 56. c4 Rb3 57. h4 Rb1 58. Ra4 Rb2 59. a7 1-0

[Event "Regionalliga SO 1011"]
[Site "Bayern"]
[Date "2011.02.27"]
[Round "7.8"]
[White "Strangmueller, Andreas"]
[Black "Hock, Martin"]
[Result "0-1"]
[WhiteElo "1852"]
[BlackElo "1974"]
[PlyCount "60"]
[EventDate "2010.10.10"]
[EventType "team-tourn"]
[EventRounds "9"]
[EventCountry "GER"]
[SourceTitle "EXT 2012"]
[Source "ChessBase"]
[SourceDate "2011.11.24"]
[SourceVersion "1"]
[SourceVersionDate "2011.11.24"]
[SourceQuality "1"]
[WhiteTeam "Landshut"]
[BlackTeam "Graefelfing"]
[WhiteTeamCountry "GER"]
[BlackTeamCountry "GER"]

1. d4 Nf6 2. Nf3 g6 3. g3 Bg7 4. Bg2 0-0 5. 0-0 d6 6. c4 Nbd7 7. Nc3 c6 8. e4 e5 9. h3 h6 10. Be3 Qe7 11. d5 c5 12. Qd2 Kh7 13. Ne1 Nh5 14. Bf3 Nhf6 15. Bg2 Nh5 16. Bf3 Nb6 17. Qe2 Bxh3 18. Ng2 Nf6 19. b3 Qd7 20. Kh2 Bg4 21. Bd2 Bxf3 22. Qxf3 Ng4+ 23. Kg1 f5 24. exf5 gxf5 25. Qe2 Rae8 26. Rae1 a6 27. Qd3 e4 28. Qc2 Ne5 29. Nh4 Bf6 30. Nxe4 Bxh4 0-1

[Event "Regionalliga SO 0910"]
[Site "Bayern"]
[Date "2010.04.11"]
[Round "9.7"]
[White "Hock, Martin"]
[Black "Lang, Stefan1111"]
[Result "1/2-1/2"]
[WhiteElo "1971"]
[BlackElo "2028"]
[PlyCount "142"]
[EventDate "2009.10.18"]
[EventType "team-tourn"]
[EventRounds "9"]
[EventCountry "GER"]
[SourceTitle "EXT 2011"]
[Source "ChessBase"]
[SourceDate "2010.11.26"]
[SourceVersion "1"]
[SourceVersionDate "2010.11.26"]
[SourceQuality "1"]
[WhiteTeam "Graefelfing"]
[BlackTeam "Unterpfaffenhofen"]
[WhiteTeamCountry "GER"]
[BlackTeamCountry "GER"]

1. Nf3 c5 2. e3 g6 3. d4 Bg7 4. c3 Qc7 5. Nbd2 d6 6. Bb5+ Nd7 7. 0-0 a6 8. Bc4 Nh6 9. a4 0-0 10. Qe2 e6 11. e4 Kh8 12. a5 b5 13. axb6 Nxb6 14. Bd3 e5 15. dxe5 dxe5 16. Nc4 Ng8 17. Re1 Bb7 18. Na5 Bc8 19. h3 Ne7 20. Bd2 h6 21. Ra3 Nd7 22. Nc4 Nc6 23. Ne3 Ndb8 24. Nd5 Qb7 25. Be3 Nd7 26. Rea1 a5 27. Bb5 f5 28. Bxc6 Qxc6 29. Ne7 Qe6 30. Nxc8 Rfxc8 31. Rxa5 Rxa5 32. Rxa5 fxe4 33. Nd2 Qd5 34. Qc4 Qxc4 35. Nxc4 Rc7 36. Nd6 Nf6 37. Rxc5 Rd7 38. Nc4 Rd1+ 39. Kh2 Nd7 40. Rc6 Kh7 41. Rd6 Rd3 42. f3 Bf8 43. Rxd3 exd3 44. b4 Nf6 45. Nxe5 Bd6 46. f4 Nd5 47. Bd2 Nxf4 48. g3 Ne2 49. Nxd3 Nxg3 50. Bf4 Ne4 51. Bxd6 Nxd6 52. Nb2 Kg7 53. Kg2 Kf6 54. Kf3 g5 55. c4 Ke5 56. Ke3 Nf5+ 57. Kd3 h5 58. Nd1 Kf4 59. Nc3 g4 60. hxg4 hxg4 61. c5 Ke5 62. b5 g3 63. b6 Nd4 64. Ne2 Nc6 65. Nxg3 Kd5 66. Ne4 Nb4+ 67. Ke3 Na6 68. Kf4 Kc6 69. Ke5 Nb8 70. Kd4 Nd7 71. Kc4 Nxb6+ 1/2-1/2

[Event "Regionalliga SO 0910"]
[Site "Bayern"]
[Date "2010.01.24"]
[Round "5.7"]
[White "Hock, Martin"]
[Black "Pappenheim, Rainer"]
[Result "0-1"]
[WhiteElo "1971"]
[BlackElo "2012"]
[PlyCount "100"]
[EventDate "2009.10.18"]
[EventType "team-tourn"]
[EventRounds "9"]
[EventCountry "GER"]
[SourceTitle "EXT 2011"]
[Source "ChessBase"]
[SourceDate "2010.11.26"]
[SourceVersion "1"]
[SourceVersionDate "2010.11.26"]
[SourceQuality "1"]
[WhiteTeam "Graefelfing"]
[BlackTeam "Starnberg"]
[WhiteTeamCountry "GER"]
[BlackTeamCountry "GER"]

1. Nf3 d5 2. d4 Nf6 3. Bf4 Bf5 4. e3 e6 5. Bd3 Ne4 6. h3 Bd6 7. Bxd6 Qxd6 8. c3 Nd7 9. Nh4 0-0-0 10. Qc2 Rde8 11. Nd2 g5 12. Nxf5 exf5 13. Nxe4 dxe4 14. Bc4 f4 15. 0-0-0 fxe3 16. fxe3 f5 17. Rhf1 Rhf8 18. Rde1 Nb6 19. Bb3 Nd5 20. Bxd5 Qxd5 21. Kb1 f4 22. c4 Qf5 23. Rf2 f3 24. gxf3 exf3 25. Qxf5+ Rxf5 26. Kc2 h5 27. Kd3 g4 28. Rg1 Rg8 29. e4 Rf7 30. Ke3 Kd7 31. Rg3 Ke6 32. c5 c6 33. Rd2 Rd7 34. Rf2 Rdg7 35. Rf1 Rf7 36. Rfg1 b6 37. b4 Rfg7 38. Rh1 bxc5 39. bxc5 Rb7 40. hxg4 hxg4 41. Rh6+ Kd7 42. Rh4 Rf8 43. Rh2 Rb1 44. Rf2 Re1+ 45. Kd3 Rf4 46. d5 Rfxe4 47. dxc6+ Kxc6 48. Kd2 R1e2+ 49. Rxe2 Rxe2+ 50. Kd1 Rg2 0-1

[Event "Regionalliga 0809 playoff"]
[Site "Bayern"]
[Date "2009.05.10"]
[Round "10"]
[White "Hock, Martin"]
[Black "Demel, Paul"]
[Result "0-1"]
[WhiteElo "1981"]
[BlackElo "2104"]
[PlyCount "70"]
[EventDate "2008.10.05"]
[EventType "team-match"]
[EventRounds "1"]
[EventCountry "GER"]
[SourceTitle "EXT 2020"]
[Source "ChessBase"]
[SourceDate "2019.10.17"]
[SourceVersion "1"]
[SourceVersionDate "2019.10.17"]
[SourceQuality "1"]
[WhiteTeam "Graefelfing"]
[BlackTeam "Kriegshaber"]
[WhiteTeamCountry "GER"]
[BlackTeamCountry "GER"]

1. Nf3 d5 2. b3 Nf6 3. Bb2 e6 4. e3 Bd6 5. c4 0-0 6. Nc3 c6 7. Qc2 Qe7 8. d4 Nbd7 9. Bd3 dxc4 10. Bxc4 b5 11. Bd3 Bb7 12. 0-0 a6 13. Nd2 c5 14. Nce4 Rac8 15. dxc5 Nxe4 16. Bxe4 Rxc5 17. Qd3 Rh5 18. g3 Nc5 19. Qe2 Rh6 20. Bxb7 Qxb7 21. Qf3 Qe7 22. Ne4 Nxe4 23. Qxe4 e5 24. Rfd1 f5 25. Qd5+ Kh8 26. Rac1 f4 27. exf4 exf4 28. Rc6 fxg3 29. hxg3 Qe2 30. Rf1 Bxg3 31. Rxh6 Bxf2+ 32. Kg2 Be1+ 33. Kh3 Qxf1+ 34. Qg2 Rf3+ 35. Kh2 Rf2 0-1

[Event "Regionalliga SO 0809"]
[Site "Bayern"]
[Date "2009.01.11"]
[Round "5.6"]
[White "Neubauer, Andreas"]
[Black "Hock, Martin"]
[Result "1-0"]
[WhiteElo "2056"]
[BlackElo "1990"]
[PlyCount "147"]
[EventDate "2008.10.05"]
[EventType "team-tourn"]
[EventRounds "9"]
[EventCountry "GER"]
[SourceTitle "EXT 2020"]
[Source "ChessBase"]
[SourceDate "2019.10.17"]
[SourceVersion "1"]
[SourceVersionDate "2019.10.17"]
[SourceQuality "1"]
[WhiteTeam "Landshut"]
[BlackTeam "Graefelfing"]
[WhiteTeamCountry "GER"]
[BlackTeamCountry "GER"]

1. Nf3 Nf6 2. d4 g6 3. c4 Bg7 4. Nc3 0-0 5. e4 d6 6. Be2 e5 7. d5 Nbd7 8. 0-0 Nh5 9. Qc2 Nf4 10. Bxf4 exf4 11. Rad1 Ne5 12. Nd4 a6 13. b4 b6 14. Nb1 f5 15. Nd2 fxe4 16. Nxe4 Qh4 17. c5 bxc5 18. bxc5 dxc5 19. Nxc5 f3 20. Nxf3 Nxf3+ 21. Bxf3 Rxf3 22. gxf3 Bh3 23. Ne4 Bxf1 24. Kxf1 Qh3+ 25. Ke2 Rf8 26. Rd3 Qxh2 27. Qc4 Kh8 28. Qxa6 Qe5 29. Qc4 Rb8 30. Rb3 Rxb3 31. Qxb3 h5 32. Kf1 Kh7 33. Qb5 Kh6 34. Qd7 Qa1+ 35. Kg2 Be5 36. a4 Qc1 37. a5 Qf4 38. a6 Qh2+ 39. Kf1 Bd4 40. Qa4 Ba7 41. Qe8 Qh1+ 42. Ke2 Qa1 43. Qf8+ Qg7 44. Qf4+ g5 45. Qc1 Qe5 46. Qc6+ Kg7 47. Qb7 Bb6 48. d6 g4 49. fxg4 hxg4 50. dxc7 Qb5+ 51. Kd2 Qb2+ 52. Kd3 Qd4+ 53. Kc2 Qa4+ 54. Kc3 Qd4+ 55. Kb3 Qd1+ 56. Kc4 Qa4+ 57. Kd5 Qd4+ 58. Ke6 Qc4+ 59. Qd5 Qxc7 60. Qg5+ Kf8 61. Qh6+ Qg7 62. Qxg7+ Kxg7 63. Kf5 Kf7 64. Kxg4 Ke6 65. f4 Kd5 66. Nc3+ Kc6 67. f5 Bd4 68. Na4 Kb5 69. f6 Kxa6 70. f7 Bg7 71. Kf5 Kb5 72. Nc3+ Kc6 73. Ke6 Bf8 74. Nd5 1-0

[Event "Regionalliga SO 0708"]
[Site "Bayern"]
[Date "2007.10.21"]
[Round "1.8"]
[White "Hock, Martin"]
[Black "Schwertler, Philipp"]
[Result "0-1"]
[WhiteElo "1940"]
[BlackElo "1940"]
[PlyCount "76"]
[EventDate "2007.10.21"]
[EventType "team-tourn"]
[EventRounds "9"]
[EventCountry "GER"]
[SourceTitle "EXT 2009"]
[Source "ChessBase"]
[SourceDate "2008.11.26"]
[SourceVersion "1"]
[SourceVersionDate "2008.11.26"]
[SourceQuality "1"]
[WhiteTeam "Graefelfing"]
[BlackTeam "Ilmmuenster"]
[WhiteTeamCountry "GER"]
[BlackTeamCountry "GER"]

1. Nf3 f5 2. e4 fxe4 3. Ng5 Nc6 4. Nxe4 d5 5. Ng3 e5 6. Bb5 Nf6 7. d4 e4 8. Bg5 Be7 9. c4 0-0 10. Nc3 Nb4 11. cxd5 Nfxd5 12. Bxe7 Qxe7 13. Ncxe4 Bf5 14. 0-0 Bxe4 15. Re1 Bc2 16. Qd2 Qf6 17. a3 Bd3 18. Bxd3 Nxd3 19. Ne4 Qxd4 20. Rad1 N5f4 21. Re3 Qb6 22. Rxd3 Nxd3 23. Qxd3 Rad8 24. Qc4+ Kh8 25. Rxd8 Rxd8 26. h3 Qa5 27. Qe6 Qd5 28. Qe7 c5 29. Ng5 Rc8 30. Ne6 Qe5 31. Qd7 Rg8 32. f4 Qxb2 33. Kh2 Qf6 34. g3 h6 35. Qd5 b5 36. h4 c4 37. f5 c3 38. Qxb5 c2 0-1

[Event "Regionalliga SO 0607"]
[Site "Bayern"]
[Date "2007.02.04"]
[Round "5.6"]
[White "Ipfelkofer, Frank"]
[Black "Hock, Martin"]
[Result "1/2-1/2"]
[WhiteElo "2100"]
[BlackElo "1959"]
[PlyCount "81"]
[EventDate "2006.10.15"]
[EventType "team-tourn"]
[EventRounds "9"]
[EventCountry "GER"]
[SourceTitle "EXT 2008"]
[Source "ChessBase"]
[SourceDate "2007.11.25"]
[SourceVersion "1"]
[SourceVersionDate "2007.11.25"]
[SourceQuality "1"]
[WhiteTeam "Passau II"]
[BlackTeam "Graefelfing"]
[WhiteTeamCountry "GER"]
[BlackTeamCountry "GER"]

1. e4 e5 2. Nf3 Nc6 3. Bb5 a6 4. Bxc6 dxc6 5. d4 exd4 6. Qxd4 Qxd4 7. Nxd4 Bd7 8. Nc3 0-0-0 9. 0-0 Ne7 10. Re1 f6 11. Be3 Ng6 12. a3 Bd6 13. Rad1 Rhe8 14. f3 b6 15. g4 Ne5 16. Kg2 g6 17. Nce2 c5 18. Nb3 Nc4 19. Bc1 Be5 20. c3 Ba4 21. Rxd8+ Rxd8 22. Na1 Rd1 23. Kf2 Rxe1 24. Kxe1 Na5 25. Bf4 Nc6 26. Be3 c4 27. f4 Bd6 28. h3 Kd7 29. Kd2 Nd8 30. Bd4 Ke6 31. Nc2 c5 32. Bf2 Bc6 33. Ke3 Nf7 34. Ne1 h6 35. Nf3 g5 36. Bg3 Ke7 37. fxg5 hxg5 38. Bxd6+ Kxd6 39. Ng3 Ke6 40. Nf5 Ne5 41. Ng7+ 1/2-1/2

[Event "Regionalliga SO 0607"]
[Site "Bayern"]
[Date "2006.10.15"]
[Round "1.7"]
[White "Hock, Martin"]
[Black "Steiner, Marcus"]
[Result "0-1"]
[WhiteElo "1959"]
[BlackElo "1967"]
[PlyCount "36"]
[EventDate "2006.10.15"]
[EventType "team-tourn"]
[EventRounds "9"]
[EventCountry "GER"]
[SourceTitle "EXT 2008"]
[Source "ChessBase"]
[SourceDate "2007.11.25"]
[SourceVersion "1"]
[SourceVersionDate "2007.11.25"]
[SourceQuality "1"]
[WhiteTeam "Graefelfing"]
[BlackTeam "Tegernsee II"]
[WhiteTeamCountry "GER"]
[BlackTeamCountry "GER"]

1. Nf3 Nf6 2. e3 c5 3. b3 e6 4. Bb2 Be7 5. Be2 0-0 6. 0-0 d6 7. d4 Nbd7 8. c4 b6 9. Nc3 cxd4 10. Nxd4 Bb7 11. Bf3 Qc8 12. Bxb7 Qxb7 13. Ndb5 Ne8 14. Ne2 a6 15. Nbc3 Nef6 16. Rc1 Rfd8 17. Qd4 Ne8 18. Nd5 exd5 0-1

[Event "Regionalliga SO 0405"]
[Site "Bayern"]
[Date "2004.11.28"]
[Round "3.5"]
[White "Hock, Martin"]
[Black "Bielmeier, Ludwig"]
[Result "0-1"]
[WhiteElo "1992"]
[BlackElo "1954"]
[PlyCount "74"]
[EventDate "2004.10.24"]
[EventType "team-tourn"]
[EventRounds "9"]
[EventCountry "GER"]
[SourceTitle "EXT 2007"]
[Source "ChessBase"]
[SourceDate "2006.11.23"]
[SourceVersion "1"]
[SourceVersionDate "2006.11.23"]
[SourceQuality "1"]
[WhiteTeam "Graefelfing"]
[BlackTeam "Bayerwald"]
[WhiteTeamCountry "GER"]
[BlackTeamCountry "GER"]

1. Nf3 Nf6 2. d4 d6 3. Nc3 c6 4. e4 g6 5. Bc4 Bg7 6. Qe2 0-0 7. 0-0 b5 8. Bd3 b4 9. Nd1 Qc7 10. h3 e5 11. dxe5 dxe5 12. a3 bxa3 13. Rxa3 a5 14. Bd2 Ra7 15. Qe1 a4 16. Nc3 Nh5 17. Rxa4 Rxa4 18. Nxa4 Nd7 19. Bc4 h6 20. Bb4 c5 21. Ba3 Bb7 22. Qe3 Ra8 23. Qb3 Bxe4 24. Bxf7+ Kh7 25. Nd2 Bc6 26. Nc3 Rb8 27. Qc4 e4 28. Nd5 Qa5 29. Nb3 Qa8 30. Qxe4 Ne5 31. Bxg6+ Nxg6 32. c4 Rxb3 33. Qf5 Bxd5 34. cxd5 Nhf4 35. Rd1 Qa4 36. Bxc5 Rb5 37. Rc1 Ne2+ 0-1

[Event "Regionalliga SO 0304"]
[Site "Bayern"]
[Date "2004.03.28"]
[Round "8.5"]
[White "Hock, Martin"]
[Black "Klein, Josef Michael"]
[Result "0-1"]
[WhiteElo "2086"]
[BlackElo "2072"]
[PlyCount "74"]
[EventDate "2003.10.??"]
[EventType "team"]
[EventRounds "9"]
[EventCountry "GER"]
[SourceTitle "EXT 2006"]
[Source "ChessBase"]
[SourceDate "2005.11.24"]
[SourceVersion "1"]
[SourceVersionDate "2005.11.24"]
[SourceQuality "1"]
[WhiteTeam "Graefelfing"]
[BlackTeam "Fuerstenfeldbruck"]
[WhiteTeamCountry "GER"]
[BlackTeamCountry "GER"]

1. Nf3 d5 2. b3 c5 3. e3 Nf6 4. Bb2 e6 5. Bb5+ Bd7 6. a4 a6 7. Be2 Nc6 8. 0-0 Bd6 9. d3 0-0 10. Nbd2 Ng4 11. e4 f5 12. h3 fxe4 13. dxe4 Nge5 14. Nxe5 Bxe5 15. Bxe5 Nxe5 16. Nf3 Nxf3+ 17. Bxf3 Bc6 18. e5 Qg5 19. Qe2 Rad8 20. Rfe1 g6 21. Rad1 h5 22. c4 d4 23. Bxc6 bxc6 24. Qe4 Rc8 25. a5 Rf4 26. Qc2 Rb8 27. Kh1 Qf5 28. Qxf5 Rxf5 29. f3 Rxb3 30. Rb1 Rxb1 31. Rxb1 Rxe5 32. Rb6 d3 33. Rb8+ Kg7 34. Rd8 Rd5 35. cxd5 exd5 36. Rb8 d2 37. Rb1 c4 0-1

[Event "Regionalliga SO 0304"]
[Site "Bayern"]
[Date "2004.01.18"]
[Round "5.5"]
[White "Bauer, Robert"]
[Black "Hock, Martin"]
[Result "1-0"]
[WhiteElo "2009"]
[BlackElo "2086"]
[PlyCount "57"]
[EventDate "2003.10.??"]
[EventType "team"]
[EventRounds "9"]
[EventCountry "GER"]
[SourceTitle "EXT 2006"]
[Source "ChessBase"]
[SourceDate "2005.11.24"]
[SourceVersion "1"]
[SourceVersionDate "2005.11.24"]
[SourceQuality "1"]
[WhiteTeam "Freising"]
[BlackTeam "Graefelfing"]
[WhiteTeamCountry "GER"]
[BlackTeamCountry "GER"]

1. e4 e5 2. Bc4 Nf6 3. d4 exd4 4. Nf3 Nc6 5. e5 d5 6. Bb5 Ne4 7. Nxd4 Bd7 8. Bxc6 bxc6 9. 0-0 Be7 10. f3 Nc5 11. f4 Ne4 12. f5 c5 13. Ne2 Bc6 14. Nd2 Nxd2 15. Bxd2 0-0 16. Nf4 Bg5 17. Qg4 Bxf4 18. f6 g6 19. Qxf4 Kh8 20. Qh6 Rg8 21. Bg5 Qf8 22. Qh4 c4 23. Rf4 h5 24. g4 Qc5+ 25. Kf1 Kh7 26. gxh5 Rh8 27. hxg6+ Kg8 28. Qxh8+ Kxh8 29. Rh4+ 1-0